My first singing teacher [

Bibliographic Details
Format: Book
Published: Petaling Jaya : Cahaya Kreatif , 19-
Subjects:

MARC

LEADER 00000cam a2200000 7i4500
001 0000002379
002 000002589
005 20000330.0
020 |a 9839981404 
090 0 0 |a JF   |b FIR 
245 0 0 |a My first singing teacher [  |h soundcassette] 
260 |a Petaling Jaya :   |b Cahaya Kreatif ,   |c 19- 
300 |a 2 soundcassettes   |e 1 book 
650 0 0 |a Children's stories 
999 |a 00144   |b KASET   |c JUNIOR FICTION   |e PERPUSTAKAAN KOMUNITI PETALING JAYA